000 00394nam a2200157Ia 4500
008 210210b1960 xxu||||| |||| 00| 0 eng d
020 _a0 471 02315 9
082 _a581.16 ALLP
100 _aALLARD (R W).
245 _aPrinciples of plant breeding
260 _aNew York
_bJohn Wiley and Sons
_c1960
300 _axi,485
650 _aPlant Breeding
690 _aBotany
906 _a046934
999 _c96354
_d96354